=LDR 00000nam 2200000 4500 =001 INLIS000000000047192 =005 20170104115924.0 =006 =007 =008 =020 ##$$a 978-602-98184-1-3 =035 ##$$0010-091500000000022 =082 ##$$a 371.9 =090 ##$$b 371.9 Sha a.4 =100 ##$$a Kak Shanty =245 ##$$a Ayo Belajar Membaca, Belajar Membaca Untuk Anak Diseleksi =250 ##$$a Cet. 1 =260 ##$$a Jogjakarta $b Javalitera $c 2012 =300 ##$$a 78 hlm $b ilus $c 21 cm =850 ##$$a NBPNMAT =990 ##$$a 0001/BPAP-NTB/2015 =990 ##$$a 0001/BPAP-NTB/2015 =990 ##$$a 0001/BPAP-NTB/2015 =990 ##$$a 0001/BPAP-NTB/2015